خا تو ن جنت (Record no. 146974)

MARC details
000 -LEADER
fixed length control field 00862nam a22002177a 4500
005 - DATE AND TIME OF LATEST TRANSACTION
control field 20171129104510.0
010 ## - LCCN (DPL NO)
LC control number UR-9854
020 6# - INTERNATIONAL STANDARD BOOK NUMBER
Terms of availability 20.00
035 ## - SYSTEM CONTROL NUMBER
System control number U-8409
037 ## - SOURCE OF ACQUISITION
Source of stock number/acquisition DBAD/PUB
082 ## - DEWEY DECIMAL CLASSIFICATION NUMBER
Classification number 305.4
100 ## - MAIN ENTRY--PERSONAL NAME
Personal name ما عیل خیر آ با د ی
245 ## - TITLE STATEMENT
Title خا تو ن جنت
Statement of responsibility, etc ما عیل خیر آ با د ی
246 ## - VARYING FORM OF TITLE
Remainder of title
Title proper/short title Khatoon-e-Jannat
250 ## - EDITION STATEMENT
Edition statement by Ma'el Khairabadi
260 ## - PUBLICATION, DISTRIBUTION, ETC. (IMPRINT)
Place of publication, distribution, etc نئی د لی
Name of publisher, distributor, etc Merkazi Maktaba Islami Publishers
Date of publication, distribution, etc 2015
270 ## - ADDRESS
Address D307,Dawat Nagar,Abul Fazal Enclave,Jamia Nagar ,
City New Delhi
Postal code 110025
Telephone number 01126971652
Fax number -
300 ## - PHYSICAL DESCRIPTION
Extent 56ص
Dimensions 22 Cm.(B.b)
500 ## - GENERAL NOTE
General note دو حصہ
942 ## - ADDED ENTRY ELEMENTS (KOHA)
Source of classification or shelving scheme Dewey Decimal Classification
Item type Urdu Bks
Classification part 305.4
Call number suffix م ا ع
Edition
Holdings
Withdrawn status Lost status Not for loan Collection code Home library Current library Date acquired Source of acquisition Cost, normal purchase price Full call number Barcode Copy number Cost, replacement price Koha item type
    Not For Loan Non-fiction D.B.Act.Division D.B.Act.Division 28/10/2017 DBAD/PUB. 20.00 305.4 م ا ع U-8409 1 20.00 Urdu Bks

© Delhi Public Library
Hit Counter
free hit counter